Random Base Conversion - Decimal to Hex - Statistics

General Stats
  • This quiz has been taken 110 times
  • The average score is 11 of 20
Answer Stats
Decimal Hex % Correct
1 1
100%
21 15
100%
22 16
100%
26 1A
100%
28 1C
100%
30 1E
100%
35 23
100%
42 2A
100%
44 2C
100%
51 33
100%
52 34
100%
54 36
100%
58 3A
100%
62 3E
100%
66 42
100%
68 44
100%
69 45
100%
73 49
100%
75 4B
100%
76 4C
100%
77 4D
100%
79 4F
100%
82 52
100%
86 56
100%
88 58
100%
89 59
100%
6 6
100%
105 69
100%
106 6A
100%
119 77
100%
122 7A
100%
124 7C
100%
128 80
100%
138 8A
100%
140 8C
100%
151 97
100%
152 98
100%
158 9E
100%
164 A4
100%
168 A8
100%
172 AC
100%
11 B
100%
180 B4
100%
181 B5
100%
183 B7
100%
189 BD
100%
190 BE
100%
12 C
100%
192 C0
100%
204 CC
100%
211 D3
100%
215 D7
100%
216 D8
100%
231 E7
100%
233 E9
100%
236 EC
100%
241 F1
100%
244 F4
100%
246 F6
100%
247 F7
100%
2 2
80%
18 12
75%
39 27
75%
72 48
75%
91 5B
75%
92 5C
75%
100 64
75%
103 67
75%
123 7B
75%
127 7F
75%
142 8E
75%
199 C7
75%
13 D
75%
229 E5
75%
43 2B
71%
17 11
67%
29 1D
67%
49 31
67%
55 37
67%
4 4
67%
80 50
67%
101 65
67%
102 66
67%
104 68
67%
7 7
67%
121 79
67%
8 8
67%
143 8F
67%
146 92
67%
161 A1
67%
179 B3
67%
197 C5
67%
224 E0
67%
226 E2
67%
60 3C
60%
63 3F
60%
90 5A
60%
16 10
50%
23 17
50%
24 18
50%
27 1B
50%
31 1F
50%
33 21
50%
37 25
50%
40 28
50%
3 3
50%
53 35
50%
56 38
50%
57 39
50%
64 40
50%
74 4A
50%
5 5
50%
81 51
50%
95 5F
50%
97 61
50%
99 63
50%
109 6D
50%
111 6F
50%
116 74
50%
130 82
50%
134 86
50%
135 87
50%
141 8D
50%
147 93
50%
153 99
50%
154 9A
50%
156 9C
50%
162 A2
50%
163 A3
50%
167 A7
50%
173 AD
50%
175 AF
50%
182 B6
50%
184 B8
50%
185 B9
50%
186 BA
50%
191 BF
50%
193 C1
50%
194 C2
50%
202 CA
50%
205 CD
50%
210 D2
50%
217 D9
50%
218 DA
50%
219 DB
50%
220 DC
50%
222 DE
50%
223 DF
50%
232 E8
50%
235 EB
50%
237 ED
50%
248 F8
50%
249 F9
50%
253 FD
50%
255 FF
50%
118 76
43%
132 84
43%
41 29
40%
227 E3
40%
36 24
33%
48 30
33%
67 43
33%
70 46
33%
94 5E
33%
110 6E
33%
114 72
33%
120 78
33%
133 85
33%
148 94
33%
169 A9
33%
177 B1
33%
187 BB
33%
195 C3
33%
203 CB
33%
213 D5
33%
15 F
33%
240 F0
33%
71 47
25%
115 73
25%
170 AA
25%
174 AE
25%
201 C9
25%
245 F5
25%
9 9
20%
149 95
20%
208 D0
20%
234 EA
20%
0 0
0%
19 13
0%
20 14
0%
25 19
0%
32 20
0%
34 22
0%
38 26
0%
45 2D
0%
46 2E
0%
47 2F
0%
50 32
0%
59 3B
0%
61 3D
0%
65 41
0%
78 4E
0%
83 53
0%
84 54
0%
85 55
0%
87 57
0%
93 5D
0%
96 60
0%
98 62
0%
107 6B
0%
108 6C
0%
112 70
0%
113 71
0%
117 75
0%
125 7D
0%
126 7E
0%
129 81
0%
131 83
0%
136 88
0%
137 89
0%
139 8B
0%
144 90
0%
145 91
0%
150 96
0%
155 9B
0%
157 9D
0%
159 9F
0%
10 A
0%
160 A0
0%
165 A5
0%
166 A6
0%
171 AB
0%
176 B0
0%
178 B2
0%
188 BC
0%
196 C4
0%
198 C6
0%
200 C8
0%
206 CE
0%
207 CF
0%
209 D1
0%
212 D4
0%
214 D6
0%
221 DD
0%
14 E
0%
225 E1
0%
228 E4
0%
230 E6
0%
238 EE
0%
239 EF
0%
242 F2
0%
243 F3
0%
250 FA
0%
251 FB
0%
252 FC
0%
254 FE
0%
No matching quizzes found
Score Distribution
Percent of People with Each Score
Percentile by Number Answered
Your Score History
You have not taken this quiz